Personálny manažment dcérskej spoločnosti vybraného multinacionálneho podniku v SR diplomová práca

Enregistré dans:
Détails bibliographiques
Auteur principal: Dubeňová, Katarína
Collectivité auteur: Fakulta podnikového manažmentu EU. Katedra manažmentu
Autres auteurs: Sršňová, Jana
Format: Livre
Langue:slovaque
Publié: Bratislava 2010
Tags: Ajouter un tag
Pas de tags, Soyez le premier à ajouter un tag!

MARC

LEADER 00000nam a2200000 4500
001 0119713
005 20240318123040.1
041 0 |a slo 
044 |a SK 
245 1 0 |a Personálny manažment dcérskej spoločnosti vybraného multinacionálneho podniku v SR  |b diplomová práca  |c Katarína Dubeňová ; škol. Jana Sršňová 
264 1 |a Bratislava  |c 2010 
300 |a 75 s. 
100 1 |a Dubeňová, Katarína 
700 1 |a Sršňová, Jana 
710 2 |a Fakulta podnikového manažmentu EU. Katedra manažmentu